00797cam a2200193 a 4500020001500000040000800015082002600023100002000049245010100069260008300170300004000253650002500293650002500318700002100343710006200364942001000426999001700436952015000453 a9291150800 cDLC aCOP USE 1992 C077 Or.1 aChhetri, Ram B.10aUser group forestry in the far-western region of Nepal :bcase studies from Baitadi and Achham / aKathmandu :bInternational Centre for Integrated Mountain Development,cc1992. a101 p. :bcol. ill., maps ;c24 cm. 0aForests and forestry 0aForests and forestry1 aPandey, Tulsi R.2 aInternational Centre for Integrated Mountain Development. cAEDBB c21341d21341 0010406COP_USE_1992_000000000000000_C077_OR70993288aLBCbLBCcC077d2023-05-16oCOP USE 1992 C077 Or.pa38851r2023-05-16w2023-05-16yAEDBB